Pagamento por serviços ambientais de proteção às nascentes como forma de sustentabilidade e preservação ambiental / (Record no. 1179)

MARC details
000 -LÍDER
Campo Fixo de Controle 00870nam a2200277 a 4500
001 - NÚMERO DE CONTROLE
Campo de Controle 1179
003 - IDENTIFICAÇÃO DO NÚMERO DE CONTROLE
Campo de Controle BR-CuiBMT
005 - DATA E HORA DA ÚLTIMA ATUALIZAÇÃO
Campo de Controle 20231130221927.0
008 - DADOS FIXOS
Dados Fixos 231130s2012 dtb 000 0 por d
020 ## - INTERNATIONAL STANDARD BOOK NUMBER
Nº do ISBN 9788585572969
040 ## - AGÊNCIA CATALOGADORA
Código da Agência Catalogadora BR-CuiBMT
Agência que transcreveu o registro BR-CuiBMT
080 ## - Nº DA CLASSIFICAÇÃO DECIMAL UNIVERSAL
Nº Class. CDU 347.247
Nº edição CDU 2007
090 ## - NÚMERO DE CHAMADA
Nº classificação 347.247
Cutter T266p
100 1# - ENTRADA PRINCIPAL -- AUTOR PESSOAL
Nome pessoal Teixeira, Carlos Geraldo
245 10 - TÍTULO PRINCIPAL
Título principal Pagamento por serviços ambientais de proteção às nascentes como forma de sustentabilidade e preservação ambiental /
Indicação de responsabilidade Carlos Geraldo Teixeira.
260 ## - PUBLICAÇÃO, DISTRIBUIÇÃO, ETC.
Local de publicação Brasília :
Editora CJF,
Data 2012.
300 ## - DESCRIÇÃO FÍSICA
N. páginas ou volumes 244 p. ;
Dimensões 23 cm
490 1# - INDICAÇÃO DE SÉRIE
Título da série Monografias do CEJ ;
Volume/designação sequencial da série v. 13
504 ## - NOTA DE BIBLIOGRAFIA, ETC.
Nota de bibliografia Inclui bibliografia.
650 ## - ASSUNTO TÓPICO
Cabeçalho tópico ou nome geográfico Direito ambiental
650 ## - ASSUNTO TÓPICO
Cabeçalho tópico ou nome geográfico Proteção ambiental
650 ## - ASSUNTO TÓPICO
Cabeçalho tópico ou nome geográfico Meio ambiente
650 ## - ASSUNTO TÓPICO
Cabeçalho tópico ou nome geográfico Conservação da natureza
830 #0 - ENTRADA SECUNDÁRIA DE SÉRIE -- TÍTULO UNIFORME
Título uniforme Monografias do CEJ ;
Nº do volume/designação sequencial da série 13
942 ## - ELEMENTOS DE ENTRADA ADICIONAIS (KOHA)
Fonte de classificação ou esquema de arquivamento Classificação Decimal Universal
Tipo de item do Koha Livros
Holdings
Estado: removido Estado: perdido Fonte de classificação ou esquema de arquivamento Estado: danificado Indisponível para empréstimo Localização permanente Localização atual Data de aquisição Total Checkouts Número de Chamada completo Código de barras Date last seen Número do exemplar Preço efetivo a partir de Tipo de item (Koha)
    Classificação Decimal Universal     Biblioteca da Escola Superior de Contas do TCE/MT Biblioteca da Escola Superior de Contas do TCE/MT 30/11/2023   347.247 T266p BIBTCEMT23111400 30/11/2023 Ex. 1 30/11/2023 Livros

Powered by Koha